01755 2200373 4500001002100000005001500021035002000036007000300056008004100059020002200100082000800122084001400130100002300144245021700167250001700384300003800401650000800439650000800447650004200455650003400497700002900531700002900560700003000589700002500619700002900644700002800673520051500701264003901216336002101255337003001276338002301306740004301329990000901372INLIS00000000000299920260406072243 a0010-0426000013ta260406 g 0 ind  a978-979-3535-26-5 a030 a030 HEN e0 aHenry PePengarang1 aENSIKLOPEDIA PENGETAHUAN POPULER : Ensiklopedia IPA dan IPS untuk Pelajar Unggulan Jilid 2: Cacing-Jembatan /cHenry P., Sisilia Rini, Bayu Nugroho ; penyunting, Johan Aguston, Rizky R., Rahmat Salim, M. Surianto aCetakan 2017 a192 halaman :bilustrasi ;c30 cm 4aIPA 4aIPS 4aEnsiklopedia pendidikan untuk pelajar 4aReferensi belajar IPA dan IPS0 aSisilia RiniePenerjemah0 aBayu NugrohoePenerjemah0 aJohan AgustonePenyunting0 aRizky R.ePenyunting0 aRahmat SalimePenyunting0 aM. SuriantoePenyunting aJilid kedua ini berisi entri ensiklopedis dari Cacing hingga Jembatan, mencakup: - IPA: Biologi (anatomi cacing, ekosistem), Fisika (konsep energi, cahaya), Kimia (zat dan reaksi sederhana). - IPS: Geografi (bentuk muka bumi, jembatan sebagai infrastruktur), Sejarah (perkembangan teknologi), Ekonomi dan sosial. - Disusun dengan bahasa populer, ringkas, dan visual, sehingga memudahkan pelajar memahami konsep dasar. - Cocok sebagai referensi tambahan untuk siswa SMP/SMA dan koleksi perpustakaan sekolah. aJakarta :bPT LENTERA ABADI,c2017 2rdacontentateks 2rdamediaatanpa perantara 2rdacarrieravolume aThe Kingfisher Children's Encyclopedia a7582